L'Escola de Teixits de Punt de Canet de Mar : organització de l'ensenyament, professorat, material, noves seccions : octubre 1937 organització de l'ensenyament, professorat, material, noves seccions :

per Escola de Teixits de Punt de Canet de Mar

Descripció física: 32 p., XII p. de làm. ; 23 cm

MARC

LEADER 00000nam a2200000Ia 4500
001 1835
008 160829s9999 xx 000 0 cat d
080 |a RF-5-1 
100 |a Escola de Teixits de Punt de Canet de Mar 
245 |a L'Escola de Teixits de Punt de Canet de Mar :  |b  organització de l'ensenyament, professorat, material, noves seccions :  |b  octubre 1937 
260 |a Barcelona :  |b Generalitat de Catalunya. Departament de Cultura, [1937?] 
300 |a 32 p., XII p. de làm. ;  |c 23 cm 
610 2 0 |a Escola de Teixits de Punt de Canet de Mar  |9 53500 
710 2 |a Catalunya.  |b Departament de Cultura  |9 52819 
856 4 |u https://media.diba.cat/diba/fitxers/arxiu/fulletons/bib_1835_1937_baixa.pdf  |y Accés lliure 
856 4 |u https://media.diba.cat/diba/fitxers/arxiu/fulletons/bib_1835_1937_baixa.pdf  |y Accés lliure 
901 |a Arxiu 
942 |n 1  |2 udc 
952 |0 0  |1 0  |4 0  |6 RF51  |7 1  |9 44177  |a Arxiu  |b Arxiu  |d 2016-12-01  |l 0  |o RF-5-1  |p 1835  |r 2016-12-01 00:00:00  |w 2016-12-01  |y ARXIU 
999 |c 46757  |d 46757 
900 |a bib_1835_1937_baixa.pdf